| 000 | 00901nam a2200253 a 4500 | ||
|---|---|---|---|
| 003 | CDMR | ||
| 005 | 20140414154656.0 | ||
| 008 | 140411s2014 spc|||| |||| 0|0 0 cat|d | ||
| 017 |
_aDL L. 56-2014 _bBiblioteca de Catalunya |
||
| 020 | _a9788499754437 | ||
| 040 |
_aES-BaBC _bcat _cCDMR |
||
| 100 | 1 |
_aKap _91346 |
|
| 245 | 1 | 3 |
_aLa Campana de Gràcia _b: la primera publicació catalana de gran abast, 1870-1934 _cJaume Capdevila |
| 260 |
_aLleida _bPagès _c2014 |
||
| 300 |
_a151 p. _c21 cm |
||
| 490 | 0 |
_aRetalls _v10 |
|
| 504 | _aReferències bibliogràfiques | ||
| 630 | 0 | 7 |
_aCampana de Gràcia _2lemac |
| 650 | 7 |
_aPremsa _zCatalunya _yS. XIX _2lemac _91524 _xHistòria |
|
| 650 | 7 |
_aPremsa _zCatalunya _yS. XX _2lemac _91524 _xHistòria |
|
| 650 | 7 |
_aPremsa satírica _zCatalunya _xHistòria _yS. XIX _2lemac _93164 |
|
| 650 | 7 |
_aPremsa satírica _zCatalunya _xHistòria _yS. XX _2lemac _93164 |
|
| 942 | _cMON | ||
| 999 |
_c6724 _d6724 |
||